Регионална библиотека "Любен Каравелов" - Русе

Да отвориш сърцето си (Запис номер 152809)

MARC детайли
000 -Лидер
Контролно поле с фиксирана дължина 01422nam a2200349 c 4500
003 - Код на организацията, давaща контролен номер
Контролно поле BLK
005 - Дата и час на последна редакция
Контролно поле 20231114122930.0
008 - Елементи от данни с фиксирана дължина
fixed length control field 180410b bul|||||r ||||||| ||bul||
010 ## - Наследен системен номер
LC control number KNG00159328000
020 ## - Международен стандартен номер на книга ISBN
Международен стандартен номер на книга ISBN 978-954-742-202-5
-- издат.: Слънце
040 ## - Източник на каталожния запис
Идентификатор на билиотеката - собственик на записа BLK
041 ## - Код за език
Код за езика на текст/звукозапис или на отделно заглавие Български
Код за езика КДБФ Български
072 #7 - Код за тематичната категория
Код организация bullib
Код за тематична категория Н83
Текст Чужда художествена литература Н
080 ## - УДК
Текстов определител УДК Американска литература (на САЩ)
УДК код - определител по УДК 821.111(73)
УДК определител -31
УДК - код + определител 821.111(73)-31
100 1# - Редна дума - Автор
Автор Хенри, Пати Калахан
Авторска отговорност първи автор
R(LIN) 331898
139 ## - Редно поле
Редна дума Хенри, Пати Калахан
Авторски знак Хен - Х 42
245 10 - Сведения за заглавието
Заглавие Да отвориш сърцето си
Подзаглавни данни Роман
Редно поле (дума) Пати Калахан Хенри; прев. Славянка Димитрова Мундрова-Неделчева.
257 ## - Страна на издаване
Страна на създаване/издаване Съединени американски щати
260 ## - Област на издателските данни
-- София
Име на издателя, разпространителя и проч. Слънце
Година на издаване 2014
300 ## - Физическа характеристика
Страници 336 с.
Размери/Мащаб 20 см
380 ## - Жанр
Жанр Худож. лит.
500 ## - Общи забележки
Забележка Ориг. загл. Coming Up For Air / Patti Callahan Henry.
653 ## - Ключова дума – ненормативна
Ключова дума романи
659 ## - Тематичен бюлетин
Тематичен бюлетин Н
700 1# - Други автори (авторска отговорност)
Лично име Мундрова-Неделчева, Славянка Димитрова
Автороска отговорност (Описва отношението между автора и произведението) прев.
9 (RLIN) 366003
852 ## - Местоположение
Форматна сигнатура Цб 268336
856 4# - Електронен адрес и достъп
Електронен формат pdf - файл
Път до файла /url/
856 4# - Електронен адрес и достъп
Електронен формат pdf - файл
Път до файла /url/
942 ## - АРТИКУЛИ
Вид на библиотечния материал Книги
Скрит в OPAC Не
Koha issues (borrowed), all copies 40
944 ## - СЪЗДАВАНЕ И РЕДАКЦИЯ на ЗАПИСА
Създаване/Редакция Създаване
Дата на регистрацията/редакция 08.04.2014
Статус, дата на статуса Галина Якимова
Служител, извършил регистрацията/редакцията 30564
944 ## - СЪЗДАВАНЕ И РЕДАКЦИЯ на ЗАПИСА
Създаване/Редакция Редакция
Дата на регистрацията/редакция 14.12.2016
Статус, дата на статуса ф /
Служител, извършил регистрацията/редакцията Людмила_Стоянова
999 ## - СИСТЕМНИ КОНТРОЛНИ НОМЕРА
Koha biblionumber 152809
Koha biblioitemnumber 152809
Наличности
Код за отписване Код за изгубен артикул Код за повреда Коз за рестрикции Код за отдаване Артикулен № Име на библиотеката - собственик Име на библиотеката, в която се намира в момента Статус (Текущо местоположение) Дата на вписване в системата Местоположение - отдел Цена в лева Инвентарен номер Систематично азбучна сигнатура Баркод Номер на екземпляра Цена в евро Служебна бележка Служебен тип на артикула Източник на класификационната схема
  Не е изгубен Не е повреден без рестрикции заемане за дома 255463 Регионална библиотека "Любен Каравелов" Русе Регионална библиотека "Любен Каравелов" Русе Заемна - подръчен фонд 2014-04-09 Заемна - подръчен фонд 10.13 120000776536 П 820(73)-31/Х 42 120000776536 1 5.18 Дост: Pk Вид: Ф N: 294 Дата: 03.04.2014 Дата инв: 24.02.2018 Бележки инв: П2018 Книги  
  Не е изгубен Не е повреден без рестрикции ползва се в читалня 255464 Регионална библиотека "Любен Каравелов" Русе Регионална библиотека "Любен Каравелов" Русе Хранилище 2015-03-12 Хранилище 12.99 120000786355 Цб 268336 120000786355 2 6.64 Дост: Dp Вид: Д N: 32 Дата: 17.07.2014 Книги  
  Не е изгубен Не е повреден без рестрикции заемане за дома 255465 Регионална библиотека "Любен Каравелов" Русе Регионална библиотека "Любен Каравелов" Русе Заемна - подръчен фонд 2016-11-10 Заемна - подръчен фонд 12.99 120000805537 П 820(73)-31/Х 42 120000805537 3 6.64 Дост: DA Вид: А N: 41 Дата: 10.11.2016 Дата инв: 02.03.2018 Бележки инв: П2018 Книги  
  Не е изгубен Не е повреден без рестрикции заемане за дома 731171 Регионална библиотека "Любен Каравелов" Русе Регионална библиотека "Любен Каравелов" Русе Дубликат 2019-07-23 Заемна - подръчен фонд 12.99   П 820(73)-31/Х 42 120000834673   6.64   Книги Universal Decimal Classification
Vip Innovations Ltd, Rousse, Bulgaria 2025